| 000 | 00411nam a22001577a 4500 | ||
|---|---|---|---|
| 005 | 20180220154230.0 | ||
| 008 | 160426b xxu||||| |||| 00| 0 eng d | ||
| 020 | _a978-81-8054686-0 | ||
| 041 | _aeng | ||
| 082 |
_b00044 _a001.42 |
||
| 100 |
_aTripathi, P.C. _94147 |
||
| 245 | _aA Textbook of Research Methodology in Social Sciences | ||
| 260 |
_aNew Delhi _bSultan Chand & Sons _c2008 |
||
| 300 | _a364 | ||
| 942 | _cBK | ||
| 999 |
_c8 _d8 |
||